Statistics for Countries that have produced video game consoles

Click here to take the quiz!

General Stats

  • This quiz has been taken 64 times
  • The average score is 11 of 14

Answer Stats

Companies Country % Correct
Atari, Mattel, Microsoft, RCA, ZeeboUnited States
100%
Casio, Nintendo, Sega, Sony, SNKJapan
98%
Huawei, JungleTac, JXD, VTech, ZTEChina
97%
Daewoo, GameParkSouth Korea
93%
Amstrad, Binatone, RadofinUnited Kingdom
92%
ArchosFrance
92%
Hartung, IntertonGermany
88%
Commodore, ZAPiTCanada
85%
ZanussiItaly
83%
NokiaFinland
80%
Tiger TelematicsSweden
68%
Bit, Funtech, WataraTaiwan
63%
Philips, Planet InteractiveNetherlands
63%
VideotonHungary
19%

Score Distribution

Percentile by Number Answered

Percent of People with Each Score

Your Score History

You have not taken this quiz